000 00896nam a2200253 a 4500
999 _c357849
_d357849
001 000000431345
003 IT-MiSPE
005 20180507170047.0
008 180123s2017 it 000 0 ita d
020 _a9788831549295
_c15.00 EUR
040 _aIT-MiSPE
_bita
_dml
_cIT-MiSPE
082 _a342.02-FLI gi el (23140)
100 1 _aFlick, Giovanni Maria,
_d1940-,
_eautore.
_957073
245 1 0 _aElogio della Costituzione /
_cGiovanni Maria Flick.
260 _aMilano :
_bPaoline,
_c©2017.
300 _a162 p. ;
_c22 cm
490 1 _aSaggistica Paoline ;
_v078
655 7 _aDiritto civile
_xDiritto pubblico, costituzionale, amministrativo.
_2local
_957074
655 7 _aCostituzioni e Istituzioni politiche nei vari Paesi
_xItalia.
_2local
_957075
830 0 _aSaggistica Paoline ;
_v078.
_957076
942 _2ddc
_cBK